Sree Krishna and Sree Jagannadha / (Record no. 147323)

MARC details
000 -LEADER
fixed length control field 00593nam a22001817a 4500
005 - DATE AND TIME OF LATEST TRANSACTION
control field 20171111160118.0
010 ## - LCCN (DPL NO)
LC control number ENG-121359
020 ## - INTERNATIONAL STANDARD BOOK NUMBER
International Standard Book Number 9789380223957
Terms of availability 30.00
035 ## - SYSTEM CONTROL NUMBER
System control number EN-104891
037 ## - SOURCE OF ACQUISITION
Source of stock number/acquisition DBAD/PUB
082 ## - DEWEY DECIMAL CLASSIFICATION NUMBER
Classification number 230.3
100 ## - MAIN ENTRY--PERSONAL NAME
Personal name Srimathy. R. VIjayaLakshmai
245 ## - TITLE STATEMENT
Title Sree Krishna and Sree Jagannadha /
Statement of responsibility, etc by Srimathy. R. VIjayaLakshmai
260 ## - PUBLICATION, DISTRIBUTION, ETC. (IMPRINT)
Place of publication, distribution, etc Goweivakkam
Name of publisher, distributor, etc Mercurysun Publications
Date of publication, distribution, etc 2015
270 ## - ADDRESS
Address N0-9,Vembuli Amman Koil 2nd Street Gowrivakkam
City Gowrivakkam (Chennai)
Postal code 600073
300 ## - PHYSICAL DESCRIPTION
Extent 94p.:
Dimensions 21cm(pbk)
942 ## - ADDED ENTRY ELEMENTS (KOHA)
Source of classification or shelving scheme Dewey Decimal Classification
Item type English Books
Call number suffix SRI
Classification part 230.3
Holdings
Withdrawn status Lost status Not for loan Collection code Home library Current library Date acquired Source of acquisition Cost, normal purchase price Full call number Barcode Copy number Cost, replacement price Koha item type
    Not For Loan Non-fiction D.B.Act.Division Bawana 11/11/2017 DBAD/PUB 30.00 230.3 SRI EN-104891 1 30.00 English Books

© Delhi Public Library
Hit Counter
free hit counter